LEADER 02227nas a2200433 u 4500 001 000000022402 003 CaOOAMICUS 005 20190517110019.0 008 920723c19909999be ar u0 u fre u 032 $aLibriCat 035 $a10559902 040 $aCoDStT$bita$cCoDStT$dMH$dNST$dEFR 041 0 $afre$aeng 042 $alcd 130 0 $aApocrypha (Turnhout, Belgium)$aApocrypha : revue internationale des littératures apocryphes = International Journal of Apocryphal Literatures$g[Spogli].$0(OLS)http://pul/title/31239 245 10$aApocrypha :$brevue internationale des littératures apocryphes = International Journal of Apocryphal Literatures. 246 13$aApocrypha :$ble champ des apocryphes 260 $a[Turnhout] :$bBrepols,$c1990- 300 $av. :$bill. ;$c25 cm 310 $aAnnual 362 0 $a1 (1990)- 500 $aFor v. 1(1990)-v.2 (1991) with subtitle: le champs des apocryphes. 500 $a"Comité de rédaction: P. Geoltrain, E. Junod, J.-C. Picard" 530 $aDisponibile anche in formato elettronico, ISSN 2034-6468. 546 $aChiefly French; some English. 550 $a"Avec la collaboration scientifique de l'Association pour l'čtude de la litterature apocryphe chrétienne" 650 0$aApocryphal books$xPeriodicals.$2//eng$0(OLS)http://pul/subject/14069 700 1 $aGeoltrain, Pierre.$0(OLS)http://pul/name/19025 700 1 $aPicard, Jean-Claude.$0(OLS)http://pul/name/19026 700 1 $aJunod, Eric.$0(OLS)http://pul/name/779 710 2 $aAssociation pour l'étude de la littérature apocryphe chrétienne.$0(OLS)http://pul/name/19027 776 0 $tApocrypha (Turnhout, Belgium)$dTurnhout : Brepols, 1990-$x2034-6468$w()171897 850 $aPUL 852 $aPUL$W1$xDP1 Riviste Correnti$y15$m3-115/DP1101.I$j31433$nSE-PRI$bv.1 (1990)-$qPeriodici$B31433$CPULBib$Z2$F31433 $82 941 1 $a5 996 $6245$aApocrypha :$brevue internationale des littératures apocryphes = International Journal of Apocryphal Literatures$9(OLS)http://pul/title/31240 996 $6246$aApocrypha :$ble champ des apocryphes$9(OLS)http://pul/title/31241 996 $6260$a[Turnhout] :$bBrepols$9(OLS)http://pul/publisher/51220 LEADER 01325nam a2200289 u 4500 001 000000073336 003 CaOOAMICUS 005 20070226122335.0 008 020628s1987 gw u000 u ger u 020 $a3795402700 035 $a10935330 040 $aPUL(R)$bita 100 1 $aStammen, Theo.$0(OLS)http://pul/name/48062 245 10$aVertreibung und Exil :$bLebensformen-Lebenserfahrungen /$cmit Beitragen von Theo Stammen [et al...] ; hrsg. von Theo Stammen. 260 $aMÜnchen :$bSchnell & Steiner,$cc1987. 300 $a143 p. ;$c19 cm 490 1 $aSchriftenreihe der Katholischen Akademie der Erzdiözese Freiburg 500 $aContributi di vari autori. 504 $aBibliografia in appendice. 650 4$aEsiliati$zGermania.$0(OLS)http://pul/subject/25697 830 0$aSchriftenreihe der Katholischen Akademie der Erzdiözese Freiburg.$0(OLS)http://pul/title/41514 850 $aPUL 852 $aPUL$W1$xDP1 Cons. Gen., Altre Classi 1$y22$m46 Q 24$j61760$nBK-PRI$b $qStampati$B94777$CPULBib$Z2$F94777 $H58746 $81 941 1 $a8 996 $6020$a3795402700$9(OLS)http://pul/number/94607 996 $6245$aVertreibung und Exil :$bLebensformen-Lebenserfahrungen$9(OLS)http://pul/title/96384 996 $6260$aMÜnchen :$bSchnell & Steiner$9(OLS)http://pul/publisher/74318